UM Logo

When the good outweighs the bad : (Record no. 18276)

MARC details
000 -LEADER
fixed length control field 00959nam a22002177a 4500
003 - CONTROL NUMBER IDENTIFIER
control field OSt
005 - DATE AND TIME OF LATEST TRANSACTION
control field 20250905110644.0
008 - FIXED-LENGTH DATA ELEMENTS--GENERAL INFORMATION
fixed length control field 231002b ||||| |||| 00| 0 eng d
040 ## - CATALOGING SOURCE
Transcribing agency 0
082 ## - DEWEY DECIMAL CLASSIFICATION NUMBER
Classification number DPer 658.3005 H880 February-November 2020 v. 23 n. 1-5
100 ## - MAIN ENTRY--PERSONAL NAME
Personal name Banwo, Adeleke Oladapo.
Relator term author.
9 (RLIN) 49370
245 ## - TITLE STATEMENT
Title When the good outweighs the bad :
Remainder of title organizational citizenship behaviour (OCB) in the workplace /
Statement of responsibility, etc. Adeleke Oladapo Banwo, and Jianguo Du.
260 ## - PUBLICATION, DISTRIBUTION, ETC. (IMPRINT)
Place of publication, distribution, etc. United Kingdom ;
Name of publisher, distributor, etc. Taylor & Francis Group ,
Date of publication, distribution, etc. February 2020.
300 ## - PHYSICAL DESCRIPTION
Extent Volume 23, pages 88-97 :
Other physical details illustration ;
Dimensions 25 cm.
500 ## - GENERAL NOTE
General note Human Resource Development International Enhancing, performance, learning and integrity, vol. 23, no. 1, pages 88-97, February 2020.
650 ## - SUBJECT ADDED ENTRY--TOPICAL TERM
Topical term or geographic name as entry element Work environment.
9 (RLIN) 49371
650 ## - SUBJECT ADDED ENTRY--TOPICAL TERM
Topical term or geographic name as entry element Organizational behavior.
9 (RLIN) 49372
700 ## - ADDED ENTRY--PERSONAL NAME
Personal name Banwo, Adeleke Oladapo.
Relator term author.
9 (RLIN) 49370
700 ## - ADDED ENTRY--PERSONAL NAME
Personal name Du, Jianguo.
Relator term author.
9 (RLIN) 49373
942 ## - ADDED ENTRY ELEMENTS (KOHA)
Source of classification or shelving scheme Dewey Decimal Classification
Koha item type Periodicals
Holdings
Withdrawn status Lost status Source of classification or shelving scheme Damaged status Not for loan Collection code Home library Current library Date acquired Total Checkouts Full call number Date last seen Price effective from Koha item type Public note
    Dewey Decimal Classification     Periodicals UM Digos College - LIC UM Digos College - LIC 10/02/2023   DPer 658.3005 H880 February-November 2020 v. 23 n. 1-5 10/02/2023 10/02/2023 Periodicals Periodical Article